01217cam a2200301 a 450000100040000000500170000400600040002100700040002500800060002901000170003502000150005204000140006705000230008108200140010411101040011824501790022226000880040130000460048950000290053550000630056450400410062765000540066865000500072265000320077271000350080474000160083974000600085500020170719113221.0000000000  a 91158314  a0937294675 aUOELcDLC00aSD387.R4bW55 198500a634.92202 aWilliam T. Pecora Memorial Symposium on Remote Sensingn(10th :d1985 :cColorado State University)10aPecora 10 :bremote sensing in forest and range resource management : proceedings, August 20, 21, 22, 1985, Student Center, Colorado State University, Fort Collins, Colorado. aFalls Church, Va. :bAmerican Society for Photogrammetry and Remote Sensing,c1985. axxi, 616 p. :bill. (some col.) ;c23 cm. aSpine title: Pecora ten. aSponsored by the Society of American Foresters and others. aIncludes bibliographical references. 0aForests and forestryxRemote sensingxCongresses. 0aRange managementxRemote sensingxCongresses. 0aRemote sensingxCongresses.2 aSociety of American Foresters.0 aPecora ten.0 aRemote sensing in forest and range resource management.